000 01018naa a22003017a 4500
001 BR9301380
003 BR-BrBNA
005 20250721155444.0
007 ta
008 250630b bl.|||m| |||| 00| 0 por d
040 _aBR-BrBNA
_bpor
_cBiblioteca Nacional de Agricultura
041 _a(Pt)
072 _aF03
_b1410
_b0120
_b3575
090 _aF03 BR9301380
100 1 _aDias, M.C.L. de L.
100 1 _aCrochemore, M.L.
245 1 _aAvaliacao da qualidade de sementes
500 _aProducao de sementes em pequenas propriedades Londrina, PR (Brasil): 1993, p. 89-110. [5 ref.; 11 illus.] (BR9301380-AMS)
773 0 _tProducao de sementes em pequenas propriedades
_wF03 BR9301380
_gLondrina, PR (Brasil), p. 89-110.
650 _aFeijao
650 _aMilho
650 _aSemente
650 _aGerminacao
650 _aControle de Qualidade
490 _aCircular - Instituto Agronomico do Parana (Brazil)
_vno. 77
_xISSN 0100-3356
942 _cAMS
_2AGRIS
909 _a202506
_bLúcia
_c55
_dLúcia Elande
999 _c336595
_d336595